000 00285nam a2200121Ia 4500
005 20260326235450.0
008 260326s9999||||xx |||||||||||||| ||und||
100 _aESCALA
245 0 _aVivienda bifamiliar /
_cESCALA
260 _bEscala
650 _aVIVIENDA MULTIFAMILIAR
942 _cBK
999 _c7744
_d7744